| 000 | 00855nam a2200205Ia 4500 | ||
|---|---|---|---|
| 999 |
_c35774 _d35774 |
||
| 001 | 1657 | ||
| 003 | GE_BSU | ||
| 005 | 20221220171531.0 | ||
| 008 | 181216s1977||||ge |||||||||||||| ||geo|| | ||
| 040 | _cGE_BSU | ||
| 041 | _ageo | ||
| 080 | _a528(075.8) ხ–93 | ||
| 100 |
_aხუნჯუა, გრ. _916512 |
||
| 245 |
_aზოგადი და საინჟინრო გეოდეზიის კურსი : _b[სახელმძღვ. თბილ. უნ-ტის სტუდენტებისათვის] / _cგრ. ხუნჯუა. |
||
| 264 |
_aთბილისი : _bთბილ. უნ-ტის გამ-ბა, _c1977. |
||
| 300 |
_a554 გვ.; _b21 სმ. |
||
| 653 | _aსაინჟინრო გეოდეზია | ||
| 653 | _aზოგადი გეოდეზია | ||
| 942 |
_cBK _2udc |
||